000 00571nam a22001937a 4500
003 OSt
005 20260422052211.0
008 260422b |||||||| |||| 00| 0 eng d
020 _a971-23-4386-3
040 _aDWC-Main Lib.
_cOC
082 _aFil. 170 B115e 2006
100 _aBarbor, Eddie R.
245 _aEthics :
_bthe philosophical discipline of action Updated ed./
_cEddie R. Barbor
250 _aUpdated ed.
260 _aManila :
_bRex Book Store,
_cc2006.
300 _axvi, 326 p. ;
_c22 cm.
650 _a1. Ethics
942 _2ddc
_cBK - FIL
_hFil.
_n0
999 _c9679
_d9679